Quiz sur le Centre-Val-de-Loire - Statistiques

Statistiques générales
  • Ce quiz a été pris 78 fois
  • Le résultat moyen est 10 sur 15
Statistiques - réponses
Questions Réponses % Correct
Quelle est la capitale du Centre-Val-de-Loire ? Orléans
99%
Combien y-a t'il de département ? 6
96%
Quelle est la ville la plus peuplée ? Tours
96%
Cite une région française frontalière de la région Normandie | Île-de-France | Bourgogne-Franche-Comté | Auvergne-Rhône-Alpes | Nouvelle-Aquitaine | Pays-de-la-Loire
93%
Quel grand chateau de la Loire a été construit par François 1er ? le château de Chambord
88%
Quelle personne a libéré la ville d'Orléans du siège anglais en 1429 ? Jeanne d'Arc
87%
Quelle est la population (au million près) ? 2,6 millions
82%
Cite une région historique du Centre-Val-de-Loire Berry | Orléanais | Tourraine
67%
Quelle célèbre tarte, souvent associée à la région, est préparée avec des pommes caramélisées ? la tarte tatin
67%
Quel château est souvent appelé "le château des Dames" en raison de son histoire liée à des femmes célèbres ? le château de Chenonceau
67%
Dans quel ville a été sacré Henri IV, l'un des rares roi à ne pas s'être fait couronné à Reims ? Chartres
64%
Quel célèbre peintre polymathe toscan est mort à Amboise ? Léonard de Vinci
61%
Quel célèbre auteur, né dans la région, est connu pour la Comédie humaine ? Honoré de Balzac
42%
Sur quel axe vit la moitié de la population de la région ? l'axe ligérien
7%
Dans quelle commune du sud du Cher est situé le centre géographique de la France continental ? Vesdun
3%
Aucun quiz correspondant
Distribution des résultats
% des personnes avec chaque résultat
Percentile par nombre de réponses
Votre historique - résultats
Vous n’avez pas pris ce quiz